<?xml version="1.0" encoding="UTF-8"?>
<marc:record xmlns:marc="http://www.loc.gov/MARC21/slim">
   <marc:leader>00000nam a2200000 a 4500</marc:leader>
   <marc:datafield ind1=" " ind2=" " tag="653">
      <marc:subfield code="a">Japan</marc:subfield>
   </marc:datafield>
   <marc:datafield ind1=" " ind2=" " tag="653">
      <marc:subfield code="a">Bildband</marc:subfield>
   </marc:datafield>
   <marc:datafield ind1=" " ind2=" " tag="653">
      <marc:subfield code="a">Design</marc:subfield>
   </marc:datafield>
   <marc:datafield ind1=" " ind2=" " tag="653">
      <marc:subfield code="a">Geschichte 1970-1992</marc:subfield>
   </marc:datafield>
   <marc:datafield ind1="0" ind2="0" tag="245">
      <marc:subfield code="a">Japan Design</marc:subfield>
   </marc:datafield>
   <marc:datafield ind1=" " ind2="1" tag="264">
      <marc:subfield code="b">Taschen</marc:subfield>
      <marc:subfield code="c">1992</marc:subfield>
   </marc:datafield>
   <marc:datafield ind1="1" ind2=" " tag="520">
      <marc:subfield code="a">Nirgendwo wird Produktinnovation so forciert wie in Japan. Bei immer kürzeren Produktzyklen kann Design Freiräume nutzen, bei denen nicht nur Funktionalität, sondern auch innovative Design-Konzepte Berücksichtigung finden. In den 60er und 70er Jahren war japanisches Design noch stark vom Ausland geprägt; erst danach entwickelte sich eine eigenständige Designszene, die heute auch international Beachtung findet. Der sehr informative Einleitungstext des gut gedruckten Bildbandes untersucht Wurzeln und Konzepte aktuellen japanischen Designs und stellt anhand zahlreicher Beispiele einzelne Designer und Arbeitsbereiche vor - wie High-tech- oder Möbeldesign. Damit soll der Band ein Vorgriff auf die bevorstehende "Design-Offensive" aus Japan sein. Angesichts des verlagstypisch guten Preis-Leistungs-Verhältnisses und des bislang vernachlässigten Themas auch schon für mittlere Bestände.</marc:subfield>
   </marc:datafield>
   <marc:datafield ind1="3" ind2=" " tag="024">
      <marc:subfield code="a">3822893501</marc:subfield>
   </marc:datafield>
</marc:record>
